1969/1970 STANEOR TV REPLACEMENT GUIDE COMMERCIAL TV/RADIO REPLACEMENT PART TO PART CROSS REFERENCE FOR TRANSFORMER AND DEFLECTION COMPONENTS (Record no. 584802)
[ view plain ]
| 000 -LEADER | |
|---|---|
| fixed length control field | 00354nam a22001097a 4500 |
| 082 ## - DEWEY DECIMAL CLASSIFICATION NUMBER | |
| Classification number | 621.388 STA'E |
| 100 ## - MAIN ENTRY--PERSONAL NAME | |
| Personal name | ESSEX |
| 9 (RLIN) | 79810 |
| 245 ## - TITLE STATEMENT | |
| Title | 1969/1970 STANEOR TV REPLACEMENT GUIDE COMMERCIAL TV/RADIO REPLACEMENT PART TO PART CROSS REFERENCE FOR TRANSFORMER AND DEFLECTION COMPONENTS |
| 260 ## - PUBLICATION, DISTRIBUTION, ETC. | |
| Place of publication, distribution, etc. | CHICAGO |
| Name of publisher, distributor, etc. | STANCER |
| Date of publication, distribution, etc. | 1931 |
| 300 ## - PHYSICAL DESCRIPTION | |
| Extent | XVVII |
| 942 ## - ADDED ENTRY ELEMENTS (KOHA) | |
| Koha item type | Book |
| Withdrawn status | Lost status | Damaged status | Not for loan | Permanent Location | Current Location | Shelving location | Date acquired | Total Checkouts | Full call number | Barcode | Date last seen | Price effective from | Koha item type |
|---|---|---|---|---|---|---|---|---|---|---|---|---|---|
| College of Electrical & Mechanical Engineering (CEME) | College of Electrical & Mechanical Engineering (CEME) | Reference | 07/05/2017 | 621.388 STA'E | CEME-6220 | 06/28/2021 | 06/28/2021 | Book |
